| 000 | 00601nam a22002177a 4500 | ||
|---|---|---|---|
| 005 | 20251006103719.0 | ||
| 008 | 251006b |||||||| |||| 00| 0 eng d | ||
| 020 | _a9780323609128 | ||
| 040 | _cPK-LaUMT | ||
| 082 |
_a615.82084 _bAVE-G |
||
| 100 |
_aAvers, Dale _97470 |
||
| 245 |
_aGuccione's geriatric physical therapy / _cby Dale Avers and Rita A. Wong |
||
| 250 | _a4th ed. | ||
| 260 |
_aMissouri : _bElsevier, _c2020 |
||
| 300 | _a718 p. | ||
| 546 | _aEng | ||
| 650 |
_aGeriatric _97471 |
||
| 650 |
_aPhysical theraphy _92150 |
||
| 650 |
_aOlder people-Rehabilitation _97472 |
||
| 942 | _cBK | ||
| 999 |
_c138783 _d138783 |
||